Corporate Governance a Current Trends in Cost Governance

Finančný manažér, ako osoba zodpovedná za náklady a komunikáciu podniku s vonkajším prostredím. Výška podnikových nákladov sa stáva jedným z kľúčových faktorov úspechu v systéme riadenia nákladov potrebných na podnikanie. Podnikový controlling, finančné výkazníctvo a rozhodovanie finančného manažmen...

Descrizione completa

Salvato in:
Dettagli Bibliografici
Autore principale: Budinská, Lucia, 1990-
Altri autori: Markovič, Peter, 1974-
Natura: Capitolo di libro
Lingua:inglese
Soggetti:
Tags: Aggiungi Tag
Nessun Tag, puoi essere il primo ad aggiungerne!!

MARC

LEADER 00000nla a2200000 4500
001 0212870
005 20240502083532.9
041 0 |a eng 
044 |a CZ 
245 1 0 |a Corporate Governance a Current Trends in Cost Governance  |c Lucia Budinská, Peter Markovič 
520 |a Finančný manažér, ako osoba zodpovedná za náklady a komunikáciu podniku s vonkajším prostredím. Výška podnikových nákladov sa stáva jedným z kľúčových faktorov úspechu v systéme riadenia nákladov potrebných na podnikanie. Podnikový controlling, finančné výkazníctvo a rozhodovanie finančného manažmentu. 
610 2 0 |a manažment finančný 
610 2 0 |a metódy riadenia 
610 2 0 |a riadenie finančné 
610 2 0 |a rozhodovanie finančné 
610 2 0 |a financie podnikové 
610 2 0 |a správa podniku 
610 2 0 |a kontroling finančný 
610 2 0 |a náklady 
100 1 |a Budinská, Lucia, 1990- 
700 1 |a Markovič, Peter, 1974-